| 000 -LEADER |
| fixed length control field |
00573nam a2200181 4500 |
| 020 ## - INTERNATIONAL STANDARD BOOK NUMBER |
| ISBN |
0813904110 |
| 040 ## - CATALOGING SOURCE |
| Transcribing agency |
DLC |
| 082 00 - DEWEY DECIMAL CLASSIFICATION NUMBER |
| Classification number |
581 UNI 1974 A033 Or. |
| 245 14 - TITLE STATEMENT |
| Title |
The plant root and its environment; |
| Remainder of title |
proceedings. |
| 260 ## - PUBLICATION, DISTRIBUTION, ETC. (IMPRINT) |
| Place of publication |
Charlottesville, |
| Name of publisher |
University Press of Virginia |
| Year of publication |
[1974] |
| 300 ## - PHYSICAL DESCRIPTION |
| Number of Pages |
xii, 691 p. |
| Other physical details |
illus. |
| Dimensions |
27 cm. |
| 500 ## - GENERAL NOTE |
| General note |
"Sponsored by the Southern Regional Education Board." |
| 650 #0 - SUBJECT ADDED ENTRY--TOPICAL TERM |
| Topical Term |
Roots (Botany) |
| 650 #0 - SUBJECT ADDED ENTRY--TOPICAL TERM |
| Topical Term |
Plant-soil relationships |
| 700 1# - ADDED ENTRY--PERSONAL NAME |
| Personal name |
Carson, Eugene Watson, |
| 710 2# - ADDED ENTRY--CORPORATE NAME |
| Corporate name or jurisdiction name as entry element |
Southern Regional Education Board. |
| 942 ## - ADDED ENTRY ELEMENTS (KOHA) |
| Koha item type |
សៀវភៅភាសាអង់គ្លេស |
| 952 ## - LOCATION AND ITEM INFORMATION (KOHA) |
| Withdrawn status [LOCAL, KOHA] |
0 |